01481nam a2200217 450000500170000000800410001704000440005804100080010208200140011010000320012424201570015624501620031326001060047530000300058150003960061150501830100750600210119065000220121165000140123365000160124720160719142310.0160719s1860 fr ||||fr|||| 001 0 fre d aCO-BoUCMbspacSandra YazodSandra Yazo0 afre04220a253.210aFreppel, Charlesd1827-189100aLos Apologistas cristianos del siglo IIbSan Justino. Curso de oratoria sagrada realizado en la Sorbona durante el curso 1858-1859cpor ... Freppelyspa14aLes Apologistes chrétiens au II sièclebSaint Justin ... Cours d´eloquence sacrée fait à la Sorbonne pendant l’ année 1858-1859cpar ... Freppel aParís (Francia)bAmbroise Bray [Ambrosio Bray]bImprimerie de J. Claye [Imprenta de J. Claye]c1860 a470 páginasc22 x 14 cm aDetalles físicos: Encuadernación rígida en cartón forrado en tela texturizada. Tapas con recuadros repujados. Lomo con nervaduras sobre costuras y adornos en dorado. Guardas simulando papel de agua. Anteportada. Portada impresa en una sola tinta. Texto impreso en una sola columna. Algunas notas de pie página. Índice. Cinta para señalar la lectura. Papel con algunas manchas1 aPrefacio ; Lecciones (I - XXI) de apologética y oratoria sagrada, a partir de las obras de San Justino ; Apéndice: sobre la autenticidad de las obras de S. Justino ; Índice aConsulta en sala 7aOratoria sagrada  7aOratoria  7aElocuencia